BLACKPINK Knowledge Quiz (2018) - Statistics

General Stats
  • This quiz has been taken 5,214 times
  • The average score is 8 of 12
Answer Stats
Question Answer % Correct
Company YG Entertainment
93%
Thai member Lisa
85%
Name of Jennie's solo song SOLO
78%
Chinese speaking member Jisoo
71%
Lisa's last name Manoban
68%
Rap line Jennie, Lisa
62%
Debut year 2016
61%
Debut song Boombayah
60%
English speaking members Jennie, Lisa and Rosé
59%
Vocal line Jisoo, Rosé
57%
Where Jennie studied abroud New Zealand
36%
Reality show Blackpink House
35%
No matching quizzes found
Score Distribution
Percent of People with Each Score
Percentile by Number Answered
Your Score History
You have not taken this quiz